| 000 | 00439cam a2200181ua 4500 | ||
|---|---|---|---|
| 020 | _c4.00 | ||
| 041 |
_aeng _h |
||
| 082 |
_a320.58 _bCHA/FE |
||
| 100 | _aChandiwala, Brijkrishna . | ||
| 245 |
_aFeet of bapu / _cBrijkrishna Chandiwala. _hTextual Documents |
||
| 260 |
_a : _bnavajivan pub , _c1954. |
||
| 300 | _a345 ; . | ||
| 365 | _a4.00 | ||
| 504 | _a | ||
| 700 | 1 | _aBabu, Rajendra . | |
| 942 | _cBK | ||
| 999 |
_c2534 _d2534 |
||